AFRICAN, theatre China, India and the Eastern World
Պահպանված է:
| Ձևաչափ: | Գիրք |
|---|---|
| Լեզու: | անգլերեն |
| Հրապարակվել է: |
James Currey
, 2016
|
| Ցուցիչներ: |
Ավելացրեք ցուցիչ
Չկան պիտակներ, Եղեք առաջինը, ով նշում է այս գրառումը!
|
MARC
| LEADER | 00000nam a22000007a 4500 | ||
|---|---|---|---|
| 008 | 210525b ||||| |||| 00| 0 eng d | ||
| 020 | |a ISBN: 978-1-84701-147-3 | ||
| 245 | |a AFRICAN, theatre China, India and the Eastern World |g xxxi, 231p.; ill. | ||
| 250 | |c Martin Banham --- [et.al.].- | ||
| 260 | |b James Currey |c , 2016 |h New York |i 694239 |i 694238 – Arts |l PN 1590 .Af8 |m Theatre – India. |m African in diaspora. |m Banham, Martin. | ||
| 942 | |a lcc |c BK |e j o ifatola |f 25/ 05/ 2021 | ||
| 952 | |0 0 |1 0 |2 lcc |4 0 |6 PN1590 A F8 |7 0 |9 2431 |a HOL |b HOL |c AF |d 2021-05-25 |l 0 |o PN 1590 .Af8 |p 2021-6282 |r 2021-05-25 00:00:00 |w 2021-05-25 |y BK | ||
| 952 | |0 0 |1 0 |2 lcc |4 0 |6 PN1590 A F8 |7 0 |9 2432 |a HOL |b ART |c AF |d 2021-05-25 |l 0 |o PN 1590 .Af8 |p 2021-6283 |r 2021-05-25 00:00:00 |w 2021-05-25 |y BK | ||
| 999 | |c 1268 |d 1268 | ||